000 00831nam a2200217 i 4500
001 bg
100 1 _aBRYNIARSKA, Teresa Izabela
245 1 0 _aPolska spółdzielczość kredytowa na rynkach konkurentów i kooperantów :
_b(ze szczególnym uwzględnieniem spółdzielczości na Opolszczyźnie) /
_cTeresa Izabela Bryniarska.
260 _aOpole :
_bUniwersytet Opolski. Wydz. Ekonomiczny,
_c1999.
300 _a200, [26], XXXIII s. :
_bwykr. ;
_c24 cm.
504 _aWykaz przepisów prawnych i bibliogr. s. [201-225].
650 9 _aSpółdzielczość oszczędnościowo-pożyczkowa
_zPolska
_yod 1945 r.
650 9 _aKredyt
_xzagadnienia
020 _a839122180
040 _cBPK
041 0 _apl
080 _a334.732.2(438)"1945/..."
920 _a83-912218-0
942 _cKS
008 s pl f |000 0 pol
999 _c36609
_d36609
856 _uhttp://koha.tu.koszalin.pl/cgi-bin/koha/opac-detail.pl?biblionumber=36609
_yKatalog online BPK